000
00282nam a22000857a 4500
008
150421b xxu||||| |||| 00| 0 eng d
020
_a
97893-81269-90-9
_c
Available
245
_a
Introduction to System Modeling and Simulation
_c
Prasad K.S Nandini
260
_a
Bangalore
_b
Fillip Learning
_c
2012
999
_c
24781
_d
24781